El realismo de la esperanza: testimonios de experiencias profesionales en torno a la resiliencia

Đã lưu trong:
Chi tiết về thư mục
Những tác giả chính: Cyrulnik, Boris (Tác giả), Tomkiewicz, Stanislaw (Tác giả), Guénard, Tim (Tác giả), Vanistendael, Stefan (Tác giả)
Tác giả khác: Manciaux, Michel (autor)
Định dạng: Sách
Ngôn ngữ:Tiếng Tây Ban Nha
Được phát hành: Barcelona Gedisa 2004
Phiên bản:1a. ed
Loạt:Resiliencia
Những chủ đề:
Các nhãn: Thêm thẻ
Không có thẻ, Là người đầu tiên thẻ bản ghi này!

MARC

LEADER 00000nam a2200000 a 4500
001 UCL7074
003 CL-VaPUC
008 040430e20040000SP |||||||||||||||||spa|d
020 |a 8497840003 
082 0 4 |a 362.5  |b CYR  |2 21 
100 0 |a Cyrulnik, Boris  |e author  |9 484829 
700 0 |a Tomkiewicz, Stanislaw  |e author  |9 484830 
700 0 |a Guénard, Tim  |e author  |9 484831 
700 0 |a Vanistendael, Stefan  |e author  |9 484832 
700 |a Manciaux, Michel  |e autor  |9 484833 
245 1 3 |a El realismo de la esperanza: testimonios de experiencias profesionales en torno a la resiliencia 
250 |a 1a. ed 
300 |a 253 p 
942 |c BK 
945 |d 20040430 00:00:00  |a cmena 
260 |a Barcelona  |b Gedisa  |c 2004 
650 0 |a Resiliencia  |9 484834 
650 0 |a Problemas sociales  |9 258537 
650 0 |a Psicología social   |9 222894 
650 0 |a Trabajo social   |9 307856 
650 0 |a Grupos sociales  |9 268887 
583 |a last modification  |c 20040430 00:00:00  |k Rodrigo Vera 
490 0 |a Resiliencia 
999 |c 308937  |d 308935 
952 |0 0  |1 0  |4 0  |6 362_500000000000000_CYR_2004  |7 0  |8 A  |9 375923  |a BIBGIM  |b BIBGIM  |d 2019-11-21  |i 4012933  |o 362.5 CYR 2004  |p 4012933  |r 2025-01-15  |w 2019-11-21  |y BK  |k SSL 
952 |0 0  |1 0  |4 0  |6 362_500000000000000_CYR_2004  |7 0  |8 A  |9 375924  |a BIBEDU  |b BIBEDU  |d 2019-11-21  |i 4290747  |o 362.5 CYR 2004  |p 4290747  |r 2019-11-21  |w 2019-11-21  |y BK  |k EDI 
952 |0 0  |1 0  |4 0  |6 362_500000000000000_CYR_2004  |7 0  |8 A  |9 375925  |a BIBEDU  |b BIBEDU  |d 2019-11-21  |i 4692403  |o 362.5 CYR 2004  |p 4692403  |r 2019-11-21  |w 2019-11-21  |y BK  |k EPE 
952 |0 0  |1 0  |4 0  |6 362_500000000000000_CYR_2004  |7 0  |8 A  |9 375926  |a BIBEDU  |b BIBEDU  |d 2019-11-21  |i 4692411  |o 362.5 CYR 2004  |p 4692411  |r 2019-11-21  |w 2019-11-21  |y BK  |k EPE